Normal view
MARC view
Entry Topical Term
Number of records used in: 110
001 - CONTROL NUMBER
- control field: 24401
003 - CONTROL NUMBER IDENTIFIER
- control field: dpl
005 - DATE AND TIME OF LATEST TRANSACTION
- control field: 20101120150809.0
008 - FIXED-LENGTH DATA ELEMENTS
- fixed length control field: 101120|||a|||||| | ||| d
040 ## - CATALOGING SOURCE
- Original cataloging agency: dpl
- Transcribing agency: dpl
150 ## - HEADING--TOPICAL TERM
- Topical term or geographic name as entry element: हिन्दी कहानियाँ
670 ## - SOURCE DATA FOUND
- Source citation: Work cat.: (dpl): बाली, इन्दु 24400, शिव-नेत्र तथा अन्य श्रेष्ठ कहानियाँ/, 2010
670 ## - SOURCE DATA FOUND
- Source citation: Work cat.: (dpl): बाली, इन्दु 24400, शिव-नेत्र तथा अन्य श्रेष्ठ कहानियाँ/, 2010
